000 00345nam a2200145Ia 4500
005 20260328101440.0
008 260328s9999||||xx |||||||||||||| ||und||
100 _ade la Croix, Host
245 0 _aArt Through the Ages /
_cHost de la Croix
250 _a10a ed.
260 _bHarcourt Brace
300 _a1200 p.
650 _aARTE
942 _cBK
999 _c8250
_d8250